03534cam a22003735a 45000010009000000050017000090080041000260100017000670200029000840200026001130400028001390420008001670820022001751000041001972450163002382600061004013000033004624900029004955000024005245000027005485040041005755201986006165900011026026500037026136510010026506530024026607000045026847000037027297760122027668560084028889420026029729990017029989520145030151846401220161020130134.0150126s2015 enka frbd 001 0 eng d a 2015001988 a9781118793282 (hardback) a1118793285 (hardback) aDLCbengcDLCdEG-ScBUE apcc04223a332.6453bJAM1 aJames, Jessica,‏d1968-‏ 94158610aFX option performance :ban analysis of the value delivered by FX options since the start of the market /cJessica James, Jonathan Fullwood, Peter Billington. aChichester, West Sussex :bJohn Wiley & Sons Ltd,c2015. axi, 252 p. :bill. ;c24 cm. 0aThe wiley finance series aIndex : p. 247-252. aGlossary : p. 241-246. aIncludes bibliographical references. a"Get the little known - yet crucial - facts about FX optionsDaily turnover in FX options is an estimated U.S. $ 207 billion, but many fundamental facts about this huge and liquid market are generally unknown. FX Option Performance provides the information practitioners need to be more effective in the market, with detailed, specific guidance.This book is a unique and practical guide to option trading, with the courage to report how much these contracts have really made or lost. Breaking free from the typical focus on theories and generalities, this book gets specific - travelling back in history to show exactly how options performed in different markets and thereby helping investors and hedgers alike make more informed decisions. Not overly technical, the rigorous approach remains accessible to anyone with an interest in the area, showing investors where to look for value and helping corporations hedge their FX exposures. FX Option Performance begins with a quick and practical introduction to the FX option market, then provides specific advice toward structures, performance, rate fluctuation, and trading strategies. The ancillary website supplies additional information, pointing readers toward the tools that allow them to recreate some of the strategies themselves. Examine the historical payoffs to the most popular and liquidly traded options Learn which options are overvalued and which are undervalued Discover surprising, generally unpublished facts about emerging markets Examine systemic option trading strategies to find what works and what doesn't On average, do options result in profit, loss, or breaking even? How can corporations more cost-effectively hedge their exposure to emerging markets? Are cheap out-of-the-money options worth it? This book provides concrete answers to these questions and more, showing how general consensus runs counter to the actual numbers. For the interested investor, FX Option Performance is a valuable guide"-- aWessam 1aOptions (Finance).2BUEsh934937 2BUEsh bBUSADMcOctober20161 aFullwood, Jonathan,‏d1976-‏ 9415841 aBillington, Peter,d1948-94158508iOnline version:aJames, Jessica, 1968-tFX option performancedHoboken : Wiley, 2015z9781118793268w(DLC) 2015003801423Cover imageuhttp://catalogimages.wiley.com/images/db/jimages/9781118793282.jpg 2ddce22k332.6453 JAM c22744d22716 00102ddc40708AcademicaMAINbMAINc1STd2016-10-20ePurchaseg840.00h9154l0o332.6453 JAMp000033953r2025-07-15 00:00:00v1050.00yBB